DIGITAL FORTRESS (Record no. 25050)

MARC details
000 -LEADER
fixed length control field 00294nam a2200121Ia 4500
005 - DATE AND TIME OF LATEST TRANSACTION
control field 20250409181602.0
008 - FIXED-LENGTH DATA ELEMENTS--GENERAL INFORMATION
fixed length control field 250409s9999||||xx |||||||||||||| ||und||
100 ## - MAIN ENTRY--PERSONAL NAME
Personal name BROWN, DAN
245 #0 - TITLE STATEMENT
Title DIGITAL FORTRESS
260 ## - PUBLICATION, DISTRIBUTION, ETC.
Name of publisher, distributor, etc. ST MARTIN PAPERBACKS,
Place of publication, distribution, etc. USA:
650 ## - SUBJECT ADDED ENTRY--TOPICAL TERM
Form subdivision English Fiction
942 ## - ADDED ENTRY ELEMENTS (KOHA)
Koha item type BOOK
Holdings
Withdrawn status Lost status Damaged status Not for loan Collection Home library Current library Shelving location Date acquired Total checkouts Full call number Barcode Date last seen Price effective from Koha item type
        English Fiction St.Dominics College Library St.Dominics College Library English Literature 04/09/2025   823 BRO 33908 04/09/2025 04/09/2025 BOOK